00659 a2200205 45000010006000000050017000060080041000230030015000640400040000790800054001192450027001732500012002002640049002123000019002615050099002800410008003791000026003877000022004137000018004355543420260407155829.0260407a1947 arg spa dAR-UNSa-BCEJYS aAR-UNSa-BCEJYSbspacAR-UNSa-BCEJYS a001.1xConceptos de la ciencia y del conocimiento10aEl valor de la ciencia a2a. ed. 1aBuenos Aires :bEspasa-Calpe Argentinac1947 a173 p.c18 cm. a1. Las ciencias matemáticas - 2. Las ciencias físicas - 3. El valor objetivo de la ciencia aspa1 aPoincare, Jules Henri1 aBesio, Alfredo B.1 aBanfi, José